| 000 | 01038nam a22003017a 4500 | ||
|---|---|---|---|
| 001 | 7926 | ||
| 003 | FISKH | ||
| 005 | 20250814093636.0 | ||
| 008 | 250814b cb ||||| |||| 00| 0 eng d | ||
| 020 | _a0590987941 | ||
| 040 |
_aFISKH _beng _cFISKH _dFISKH |
||
| 050 | _aPZ8.M965 S | ||
| 082 | _a398.2 | ||
| 100 |
_aMusgrove, Margaret _d(1943-) |
||
| 245 |
_aThe spider weaver : _bA legend of Kente Cloth / _cBy Margaret Musgrove ; Illustrated by Julia Cairns |
||
| 250 | _aThis edition first published in 2002 | ||
| 260 |
_aNew York : _bScholastic, _c2001 |
||
| 300 |
_a29 unnumbered pages : _bcolor illustrations ; _c31 cm |
||
| 505 | _aP | ||
| 520 | _aIn this retelling of a tale from Ghana, a wondrous spider shows two Ashanti weavers how to make intricate, colorful patterns in the cloth that they weave. | ||
| 521 | 8 |
_a640
_bLexile |
|
| 521 | 8 |
_aP
_bRaz-Plus |
|
| 650 |
_2Africa _aFolk & Fairy Tales |
||
| 650 |
_2Ashanti _aWeaving |
||
| 700 |
_aCairns, Julia _dillustrator |
||
| 942 |
_2ddc _cBK _n0 |
||
| 999 |
_c7926 _d7926 |
||